| 000 | 01696nam0a2200373 4500 | ||
|---|---|---|---|
| 001 | RU\NLR\BIBL_A\011358231 | ||
| 005 | 20251202142755.0 | ||
| 010 |
_a978-5-91139-285-7 _91000 |
||
| 021 |
_aRU _b2017-15739 _91163 |
||
| 035 | _a(NLR Aleph) 011358231 | ||
| 035 | _a(RuMoRGB)008813622 | ||
| 090 |
_a11285653 _c11285653 |
||
| 100 | _a20170404d2015 u y0rusy50 ca | ||
| 101 | 0 |
_arus _aoss |
|
| 102 | _aRU | ||
| 105 | _ay|||e|||000zy | ||
| 200 | 1 |
_aТематический словарь _dТематикон дзырдуат _e[учебное пособие _fсоставители: Бежаева Фариза Георгиевна, Хугаева Наталья Эльдаровна] _zoss |
|
| 205 | _aИзд. 2-е, испр. и доп. | ||
| 210 |
_aВладикавказ _cИздательско-полиграфическое предприятие им. В. А. Гассиева _d2015 |
||
| 215 |
_a111 с. _d17 |
||
| 300 | _aТекст на рус. и осет. яз. | ||
| 510 | 1 |
_aТематикон дзырдуат _zoss |
|
| 606 | 1 |
_aОсетинский язык _xТематические словари _xРусский язык _92323539 _3RU\NLR\AUTH\6601614573 |
|
| 606 | 1 |
_aРусский язык _xТематические словари _xОсетинский язык _92323546 _3RU\NLR\AUTH\6601614575 |
|
| 686 | 1 | _aШ152.132.3-491тем | |
| 686 | 1 | _aШ141.12-491тем | |
| 702 | 1 |
_aБежаева _bФ. Г. _gФариза Георгиевна _4220 |
|
| 852 |
_aNLR _bОНЛ _jОсет./2-2446 |
||
| 942 | _cBOOK | ||
| 980 | _aNBR | ||
| 980 | _aNB | ||